Boy's Names Starting with A (USA, 2015) Quiz Stats

Quiz not verified by Sporcle

Challenge
Share
Tweet
Embed
Score 0/98 Timer 10:00
0 Plays Today
Hint Name % Correct
4Andrew
94.2%
14Alex
93.4%
1Alexander
92.6%
2Aiden
91.7%
5Aaron
88.4%
9Adam
87.6%
20Aidan
86.8%
11Ayden
86%
17Alan
85.1%
3Anthony
84.3%
15Ashton
82.6%
37Aden
81.8%
39Adan
80.2%
75Aron
79.3%
95Aydan
79.3%
26Andre
78.5%
35Allen
78.5%
81Aydin
78.5%
18Abraham
77.7%
32Andy
77.7%
6Adrian
76.9%
64Allan
76%
29Arthur
75.2%
78Aaden
75.2%
8Austin
74.4%
12Axel
74.4%
83Alexzander
73.6%
16Antonio
72.7%
43Albert
72.7%
77Axl
69.4%
7Angel
66.9%
94Anton
66.9%
10Asher
65.3%
Hint Name % Correct
91Alfred
65.3%
13Abel
64.5%
19Alejandro
64.5%
87Adrien
64.5%
40Ari
62.8%
56Alberto
62.8%
60Alvin
59.5%
31Anderson
58.7%
21Avery
57%
23August
57%
33Ali
57%
30Angelo
55.4%
42Ace
53.7%
34Alexis
52.9%
44Alec
52.9%
24Andres
49.6%
58Alfredo
48.8%
38Abram
47.9%
28Archer
47.1%
80Anders
47.1%
52Arturo
46.3%
73Alonso
40.5%
25Amari
38.8%
36Atticus
38%
45Augustus
36.4%
53Alonzo
36.4%
55Asa
35.5%
98Antoine
35.2%
71Alden
34.7%
41Armando
33.9%
50Arlo
33.1%
79Alfonso
33.1%
22Amir
32.2%
Hint Name % Correct
74Amos
32.2%
59Ariel
29.8%
61Aldo
28.1%
57Ahmad
26.4%
65Alessandro
26.4%
92Agustin
26.4%
84Augustine
24.8%
70Arian
24%
48Ahmed
22.3%
51Armani
22.3%
66Aryan
20.7%
76Apollo
19.8%
93Avi
19.8%
82Anson
18.2%
27Adriel
15.7%
72Ares
14.9%
69Adonis
14%
47Atlas
12.4%
49Arjun
12.4%
67Axton
12.4%
68Azariah
12.4%
88Abdiel
12.4%
46Alijah
11.6%
63Abdullah
10.7%
96Achilles
10.2%
89Alvaro
9.9%
90Anakin
9.9%
54Aarav
8.3%
62Ayaan
8.3%
85Amare
7.4%
97Aarush
5.7%
86Ameer
5%

You're not logged in!

Compare scores with friends on all Sporcle quizzes.
Join for Free
OR
Log In

You Might Also Like...

Show Comments

Extras

Created May 9, 2016SourceReportNominate
Tags:1000, 2015, boy, starting, USA

Top Quizzes Today


Score Distribution

Your Account Isn't Verified!

In order to create a playlist on Sporcle, you need to verify the email address you used during registration. Go to your Sporcle Settings to finish the process.

Report this User

Report this user for behavior that violates our Community Guidelines.

Details: